| 000 | 02064 a2200229 4500 | ||
|---|---|---|---|
| 001 | 118 | ||
| 005 | 20260407155412.0 | ||
| 008 | 260407a2005 arg spa d | ||
| 003 | AR-UNSa-BCEJYS | ||
| 040 |
_aAR-UNSa-BCEJYS _bspa _cAR-UNSa-BCEJYS |
||
| 080 |
_a330 _xEconomía en general |
||
| 245 | 1 | 0 | _aEconomía, teoría y política |
| 020 | _a978-84-481-9850-3 | ||
| 250 | _a5a. ed | ||
| 264 | 1 |
_aMadrid : _bMcGraw-Hill _c2005 |
|
| 300 |
_a580 p. _c28 cm |
||
| 505 | _a1. La economía: conceptos básicos - 2. La oferta, la demanda y el mercado: aplicaciones - 3. La elasticidad y sus aplicaciones - 4. La demanda y el comportamiento del consumidor - 5. La empresa: producción. Costes y beneficios - 6. La empresa en los mercados de competencia perfecta - 7. El monopolio - 8. El oligopolio y la competencia monopolística - 9. La retribución de los factores: el mercado de trabajo - 10. Eficiencia y fallos del mercado: Externalidades. Bienes públicos e información imperfecta - 11. El papel del estado en la economía: la distribución de la renta, los impuestos y la regulación - 12. Una visión global: la macroeconomía - 13. La medición del PIB: del PIB a la renta disponible - 14. El equilibrio del mercado de bienes: el modelo Keynesiano y la política fiscal - 15. Funciones del dinero - 16. El Banco Central, el equilibrio del mercado de dinero y la política monetaria - 17. El comercio Internacional y la balanza de pagos - 18. El mercado de divisas y la Unión Monetaria Europea - 19. La oferta agregada y la curva de Phillips: inflación y paro - 20. Las políticas macroeconómicas en los modelos clásico, Keynesiano y de la síntesis - 21. Los ciclos económicos: fluctuaciones de la producción y del empleo - 22. El crecimiento económico y el desarrollo - 23. La globalización. Las TIC y la nueva economía | ||
| 942 | _cBK | ||
| 590 | _aniveau_biblio:m niveau_hierar:0 | ||
| 100 | 1 | _aMochón Morcillo, Francisco | |
| 856 | 4 | 1 |
_uhttps://biblioeco.unsa.edu.ar/pmb/images/libros/Economia y Teoria Politica.jpg _yImagen de portada _qimage/jpeg |
| 999 |
_c90 _d90 |
||